Catálogo
 En Linea

Gobierno del PRD y su política exterior período 1978-1986 / (Registro nro. 23520)

Detalles MARC
000 -CABECERA
campo de control de longitud fija 00927nam a2200229 a 4500
001 - NÚMERO DE CONTROL
campo de control 000024025
005 - FECHA Y HORA DE LA ÚLTIMA TRANSACCIÓN
campo de control 20250924073802.0
008 - DATOS DE LONGITUD FIJA--INFORMACIÓN GENERAL
campo de control de longitud fija 110118s1986 dr 000 0 spa d
040 ## - FUENTE DE LA CATALOGACIÓN
Centro catalogador/agencia de origen DO-SdBNP
Lengua de catalogación spa
Centro/agencia transcriptor BNPHU
082 ## - NÚMERO DE LA CLASIFICACIÓN DECIMAL DEWEY
Número de clasificación 320.97293
Número de documento/Ítem A696g
100 1# - ENTRADA PRINCIPAL--NOMBRE DE PERSONA
Nombre de persona Arias, Luis
9 (RLIN) 32023
245 10 - MENCIÓN DE TÍTULO
Título Gobierno del PRD y su política exterior período 1978-1986 /
Mención de responsabilidad, etc. Luis Arias ; prólogo Roberto Álvarez.
260 ## - PUBLICACIÓN, DISTRIBUCIÓN, ETC.
Lugar de publicación, distribución, etc. Santo Domingo :
Nombre del editor, distribuidor, etc. Editora Universitaria,
Fecha de publicación, distribución, etc. 1986.
300 ## - DESCRIPCIÓN FÍSICA
Extensión 130 p.
490 1# - MENCIÓN DE SERIE
Mención de serie Publicaciones de la Universidad Autonóma de Santo Domingo
Designación de volumen o secuencia 476
590 ## - NOTA LOCAL (RLIN)
Nota local Inventariado, 2018/ YL
651 #4 - PUNTO DE ACCESO ADICIONAL DE MATERIA--NOMBRE GEOGRÁFICO
Nombre geográfico República Dominicana
Subdivisión general Política Y Gobierno
Subdivisión cronológica 1978-1986
9 (RLIN) 49365
651 #4 - PUNTO DE ACCESO ADICIONAL DE MATERIA--NOMBRE GEOGRÁFICO
Nombre geográfico República Dominicana
Subdivisión general Relaciones Exteriores
Subdivisión cronológica 1978-1986
9 (RLIN) 49366
700 12 - PUNTO DE ACCESO ADICIONAL--NOMBRE DE PERSONA
Nombre de persona Álvarez, Roberto
Término indicativo de función/relación pról.
9 (RLIN) 49367
830 ## - PUNTO DE ACCESO ADICIONAL DE SERIE-TÍTULO UNIFORME
Título uniforme Publicaciones de la Universidad Autónoma de Santo Domingo
Designación de volumen o secuencia 476
9 (RLIN) 52
910 ## - DATOS DE OPCIÓN DEL USUARIO (OCLC)
Datos de opción del usuario Validado. Control de calidad MFF
Existencias
Estado de retiro Estado de pérdida Restricciones de uso No para préstamo Código de colección Localización permanente Ubicación/localización actual Ubicación en estantería Fecha de adquisición Número de inventario Total de préstamos Signatura topográfica completa Código de barras Fecha visto por última vez Número de copia Precio válido a partir de Tipo de ítem Koha
      Préstamo restrigido Patrimonio Dominicano General General Depósito 18.01.2011 LF1   320.97293 A696g 24025-20 25.06.2020 e. 2 25.06.2020 Libro y Folleto Colección Patrimonio Dominicano
      Excluido de préstamo Patrimonio Dominicano Patrimonio Dominicano Patrimonio Dominicano Depósito 18.01.2011 LF1   320.97293 A696g 24025-10 25.06.2020   25.06.2020 Libro y Folleto Colección Patrimonio Dominicano
      Excluido de préstamo Dominicana de Servicio Patrimonio Dominicano Patrimonio Dominicano Depósito 20.01.2011 LF1   320.97293 A696g 24025-30 25.06.2020 e. 3 25.06.2020 Libro y Folleto Colección Dominicana de Servicio

Con tecnología Koha